Ciencia y conducta humana (Registro nro. 10788)

000 -CABECERA
Campo de control de longitud fija 02386nam a22003137a 4500
003 - IDENTIFICADOR DEL NÚMERO DE CONTROL
Campo de control OSt
005 - FECHA Y HORA DE LA ÚLTIMA TRANSACCIÓN
Campo de control 20260327144822.0
008 - CÓDIGOS DE INFORMACIÓN DE LONGITUD FIJA
Campo de control de longitud fija 260326t1971 xxu||||| |||| 00| 0 spa d
020 ## - NÚMERO INTERNACIONAL NORMALIZADO PARA LIBROS (ISBN)
Número Internacional Normalizado para Libros (ISBN) 9788409401055
040 ## - FUENTE DE LA CATALOGACIÓN
Centro catalogador de origen Unicoc
Lengua de catalogación spa
Centro que cataloga Bogotá (Dr. David Ordóñez Rueda) - Campus Norte
Centro modificador Bogotá (Dr. David Ordóñez Rueda) - Campus Norte
082 ## - NÚMERO DE LA CLASIFICACIÓN DECIMAL DEWEY
Número de clasificación 150.194
100 ## - PUNTO DE ACCESO PRINCIPAL - NOMBRE DE PERSONA
9 (RLIN) 12755
Nombre de persona Skinner, Burrhus Frederic
245 ## - MENCIÓN DE TÍTULO
Título Ciencia y conducta humana
Subtitulo o Resto del título : una psicología científica
Mención de responsabilidad etc. / Burrhus Frederic Skinner
250 ## - MENCIÓN DE EDICIÓN
Mención de edición 2 Ed.
260 ## - PUBLICATION, DISTRIBUTION, ETC. (IMPRINT)
Lugar de publicación distribución etc. España :
Nombre del editor distribuidor etc. Fontanella ,
Fecha de publicación distribución etc. 1971
300 ## - DESCRIPCIÓN FÍSICA
Extensión 402 páginas
Otras características físicas Tablas
440 ## - MENCIÓN DE SERIE
9 (RLIN) 12806
Título Conducta humana
Número de la parte/sección de una obra 3
500 ## - NOTA GENERAL
Nota general Incluye referencias bibliográficas, Incluye biografía de Skinner
505 ## - NOTA DE CONTENIDO CON FORMATO
Título Sección I: La posibilidad de una ciencia de la conducta. --
-- I. ¿Puede ayudar la ciencia?. --
-- II.Una ciencia de la conducta. --
-- III.¿Por qué actúan los organismos?. --
-- Sección II: El análisis de la conducta. --
-- IV. Reflejos y reflejos condicionados. --
-- V. Conducta operante. --
-- VI. Formación y mantenimiento de la conducta operante. --
-- VII. discriminación operante. --
-- VIII. Control ambiental. --
-- IX. Privacidad y saciedad. --
-- X. Emoción. --
-- XI. Aversión, evitación, ansiedad. --
-- XII Castigo. --
-- XIII. Rasgos, personalidad y conducta. --
-- XIV. El análisis de casos complejos. --
-- Sección III: el individuo como un todo. --
-- XV. Autocontrol. --
-- XVI. Pensamiento. --
-- XVII. Los hechos internos en una ciencia natural. --
-- XVIII. Autoimagen. --
-- Sección IV: La conducta de los individuos en el grupo. --
-- XIX. Conducta social. --
-- XX. Control personal.--
-- XXI. Control de grupo.--
-- Sección V: Instancias que ejercen control. --
-- XXII. El gobierno y la ley. --
-- XXIII. Religión. --
-- XIV. Psicoterapia. --
-- XV. Control económico. --
-- XVI. Educación. --
-- Sección VI: El control de la conducta humana. --
-- XVII. Cultura y control. --
-- XVI. Planificación de una cultura.
526 ## - NOTA DE INFORMACIÓN SOBRE EL PROGRAMA DE ESTUDIO
Institución que aplica el campo Unicoc
546 ## - NOTA DE LENGUA
Nota de lengua Español
650 #0 - PUNTO DE ACCESO ADICIONAL DE MATERIA - TÉRMINO DE MATERIA
9 (RLIN) 12786
Término de materia o nombre geográfico como elemento inicial Conducta humana
650 #0 - PUNTO DE ACCESO ADICIONAL DE MATERIA - TÉRMINO DE MATERIA
9 (RLIN) 7815
Término de materia o nombre geográfico como elemento inicial Conductismo (Psicología)
650 #0 - PUNTO DE ACCESO ADICIONAL DE MATERIA - TÉRMINO DE MATERIA
9 (RLIN) 12798
Término de materia o nombre geográfico como elemento inicial Análisis de la conducta
650 #0 - PUNTO DE ACCESO ADICIONAL DE MATERIA - TÉRMINO DE MATERIA
9 (RLIN) 453
Término de materia o nombre geográfico como elemento inicial Psicología
Subdivisión de materia general Ciencia y conducta
658 #0 - TÉRMINO DE INDIZACIÓN - OBJETIVO CURRICULAR
9 (RLIN) 10741
Programa Académico Programa de Psicología
856 ## - LOCALIZACIÓN Y ACCESO ELECTRÓNICOS
Texto del enlace Acceso online exclusivo para comunidad Unicoc.
Identificador Uniforme del Recurso (URI) https://unicoceduco-my.sharepoint.com/:b:/g/personal/direccionbiblioteca_unicoc_edu_co/IQAhAMiksZbuR5vwrBHFVyMwARcEN_wnHIkaSlD3eH3I0kw
942 ## - ENTRADA PARA ELEMENTOS AGREGADOS (KOHA)
Fuente de clasificación o esquema de ordenación en estanterías
Koha [por defecto] tipo de item Libro electrónico
Existencias
Fuente de clasificación o esquema de ordenación en estanterías Estropeado No para préstamo Precio Tipo de item de Koha Localización actual Fecha del precio de reemplazo Código de barras Código de colección Fuente de adquisición Fecha de adquisición Estado de pérdida Fecha última consulta Signatura completa Localización permanente
   200000.00Libro electrónicoBogotá (Dr. David Ordóñez Rueda) - Campus Norte2026-03-26Ebook10788Coleccion OnlineCompra2026-03-26 2026-03-26150.194Bogotá (Dr. David Ordóñez Rueda) - Campus Norte

© 2014 UNICOC | Institución Universitaria Colegios de Colombia - UNICOC
Bogotá D.C. Autopista Norte Km. 20. Teléfono:(571)6683535
Cali: Calle 13 Norte No. 3N-13. Teléfono: (572)6608887

Con tecnología de Koha